Child and the serpent : (Record no. 124563)

MARC details
000 -LEADER
fixed length control field 00716nam a22002297a 4500
005 - DATE AND TIME OF LATEST TRANSACTION
control field 20170124105941.0
010 ## - LIBRARY OF CONGRESS CONTROL NUMBER
LC control number A-710020
020 ## - INTERNATIONAL STANDARD BOOK NUMBER
Terms of availability 00.00
035 ## - SYSTEM CONTROL NUMBER
System control number A-710020
037 ## - SOURCE OF ACQUISITION
Source of stock number/acquisition Cen Lib/Ret
040 ## - CATALOGING SOURCE
Original cataloging agency DPL
Language of cataloging EN
082 ## - DEWEY DECIMAL CLASSIFICATION NUMBER
Classification number 230.46
Edition number SAH
100 ## - MAIN ENTRY--PERSONAL NAME
Personal name Sahi, Jyoti
9 (RLIN) 11173
245 ## - TITLE STATEMENT
Title Child and the serpent :
Statement of responsibility, etc by Jyoti Sahi
Remainder of title reflections on popular indian symbols /
260 ## - PUBLICATION, DISTRIBUTION, ETC. (IMPRINT)
Place of publication, distribution, etc Banglore
Name of publisher, distributor, etc Asian Trading Corporation
Date of publication, distribution, etc 1994
270 ## - ADDRESS
City Banglore
Address 150, Brigade Road
Postal code 560025
300 ## - PHYSICAL DESCRIPTION
Extent 218p.
Dimensions 22cm(Hb)
500 ## - GENERAL NOTE
General note Includes bibliographical references and index
650 ## - SUBJECT ADDED ENTRY--TOPICAL TERM
Topical term or geographic name as entry element Hindu symbolism
Chronological subdivision
9 (RLIN) 11174
650 ## - SUBJECT ADDED ENTRY--TOPICAL TERM
Topical term or geographic name as entry element Hinduism
Geographic subdivision India
9 (RLIN) 11175
942 ## - ADDED ENTRY ELEMENTS (KOHA)
Source of classification or shelving scheme Dewey Decimal Classification
Koha item type English Books
Classification part 230.46
Call number suffix SHA
Holdings
Withdrawn status Lost status Damaged status Not for loan Collection code Home library Current library Date acquired Source of acquisition Cost, normal purchase price Total Checkouts Full call number Barcode Date last seen Copy number Cost, replacement price Price effective from Koha item type Public note
Written off     Not For Loan Reference Central Library Central Library 17/06/2015 Cen Lib/Ret 0.00   230.46 SHA A-710020 17/06/2015 1 0.00 17/06/2015 English Books Written off on approval by DLB (By Circulation); dtd 15-06-2023

© Delhi Public Library
Hit Counter
free hit counter